000 00449cam a2200145 4500500
005 20251012003948.0
041 _afre
042 _adc
100 1 0 _aGamblin, Guillaume
_eauthor
245 0 0 _aLa décroissance : dites-le avec des fleurs ?
260 _c2021.
500 _a4
786 0 _nSilence | 503 | 10 | 2021-09-09 | p. 15-16 | 0756-2640
856 4 1 _uhttps://shs.cairn.info/revue-silence-2021-10-page-15?lang=fr&redirect-ssocas=7080
999 _c1513744
_d1513744